ინოვაციები ტურიზმში: ეკონომიკა და ბიზნესი : (ბიბ.ჩანაწერი № 58705)
[ მარტივი ფორმატი ]
| 000 -ლიდერი | |
|---|---|
| ფიქსირებული სიგრძის საკონტროლო ველი | 02146nam a2200289Ia 4500 |
| 001 - საკონტროლო ნომერი | |
| საკონტროლო ველი | 7429 |
| 003 - საკონტროლო ნომრის იდენტიფიკატორი | |
| საკონტროლო ველი | GE_BSU |
| 005 - ბოლო ოპერაციის თარიღი და დრო | |
| საკონტროლო ველი | 20220701122809.0 |
| 008 - ფიქსირებული სიგრძის მონაცემთა ელემენტები - ზოგადი ინფორმაცია | |
| ფიქსირებული სიგრძის საკონტროლო ველი | 181216s2013||||ge |||||||||||||| ||und|| |
| 020 ## - წიგნის საერთაშორისო სტანდარტული ნომერი | |
| International Standard Book Number | 9789941220302 |
| 040 ## - კატალოგიზაციის წყარო | |
| Transcribing agency | GE_BSU |
| 041 ## - ენის კოდი | |
| Language code of text/sound track or separate title | geo |
| 080 ## - უნივერსალური ათობითი კლასიფიკაციის ინდექსი | |
| Universal Decimal Classification number | 338.48(063)(479.22) ი-61 |
| 245 ## - ცნობა სათაურის შესახებ | |
| Title | ინოვაციები ტურიზმში: ეკონომიკა და ბიზნესი : |
| Remainder of title | IV საერთაშ. სამეცნ.-პრაქტ. კონფერენცია, 8-9 ივნისი, ბათუმი-ტრაპიზონი, 2013 : [შრომების კრებული] / |
| Statement of responsibility, etc | ბათუმის შ. რუსთაველის სახელმწ. უნ-ტი, ტურიზმის ფაკ-ტი, აჭარის არ ტურიზმისა და კურორტების დეპარტამენტი ; [სარედ. კოლ.: იაკობ მესხია [და სხვ.]]. |
| 264 ## - წარმოების, გამოცემის, დისტრიბუციის და სხვა ცნობები | |
| გამოცემის, წარმოების, დისტრიბუციის... ადგილი | თბილისი : |
| გამოცემის, წარმოების, დისტრიბუციის... სახელწოდება | უნივერსალი, |
| გამოცემის, წარმოების, დისტრიბუციის... თარიღი | 2013. |
| 300 ## - ფიზიკური აღწერა | |
| Extent | 464 გვ. : |
| Other physical details | ცხრ., ნახ. ; |
| Dimensions | 29 სმ. |
| 501 ## - შენიშვნა თანმხლებ მასალაზე | |
| With note | თავფურ. მე-2 გვ. ინგლ. ყდა ქართ. და ინგლ. რამდენიმე შრომა რუს. და ინგლ. |
| 653 ## - INDEX TERM--UNCONTROLLED | |
| Uncontrolled term | ტურიზმის ბიზნესი საქართველოში |
| 653 ## - INDEX TERM--UNCONTROLLED | |
| Uncontrolled term | ტურიზმის ეკონომიკა საქართველოში |
| 700 ## - ADDED ENTRY--PERSONAL NAME | |
| Personal name | შენგელია, თეიმურაზ |
| Relator term | ავტორი |
| 9 (RLIN) | 814 |
| 700 ## - ADDED ENTRY--PERSONAL NAME | |
| Personal name | მესხია, იაშა |
| Relator term | ავტორი |
| 9 (RLIN) | 14272 |
| 700 ## - ADDED ENTRY--PERSONAL NAME | |
| Personal name | ყორღანაშვილი, ლარისა |
| Relator term | ავტორი |
| 9 (RLIN) | 14273 |
| 700 ## - ADDED ENTRY--PERSONAL NAME | |
| Personal name | აბესაძე, თეიმურაზ და სხვ. |
| 9 (RLIN) | 14274 |
| 700 ## - ADDED ENTRY--PERSONAL NAME | |
| Personal name | მესხია, იაკობ |
| Relator term | რედაქტორი |
| 9 (RLIN) | 14275 |
| 700 ## - ADDED ENTRY--PERSONAL NAME | |
| Personal name | შენგელია, თეიმურაზ და სხვ. |
| Relator term | რედაქტორი |
| 9 (RLIN) | 14276 |
| 942 ## - ADDED ENTRY ELEMENTS (KOHA) | |
| Koha item type | წიგნი |
| Source of classification or shelving scheme | |
| ჩამოწერის სტატუსი | დაკარგული ეგზემპლარის სტატუსი | კლასიფიკაციის წყარო ან თაროზე გაწყობის სქემა | დაზიანების სტატუსი | არ გაიცემა | მუდმივი მდებარეობა (დაცვის ადგილი) | ამჟამინდელი ადგილსამყოფელი | თაროზე განთავსების ადგილი | შეძენის თარიღი | ღირებულება, შესყიდვის ნორმალური ფასი | სრული შენახვის შიფრი | შტრიხკოდი | ბოლო ოპერაციის თარიღი | ეგზემპლარის მიმდევრობითი ნომერი (კეტერი?) | ფასის ძალაში შესვლის თარიღი | ეგზემპლარის სახეობა | საჯარო შენიშვნა |
|---|---|---|---|---|---|---|---|---|---|---|---|---|---|---|---|---|
| ბათუმის შოთა რუსთაველის სახელმწიფო უნივერსიტეტის მთავარი ბიბლიოთეკა | ბათუმის შოთა რუსთაველის სახელმწიფო უნივერსიტეტის მთავარი ბიბლიოთეკა | წიგნსაცავი | 2022-07-01 | 338.48(063)(479.22) ი-61 | 23193 | 2022-07-01 | 23193 | 2022-07-01 | წიგნი | |||||||
| პროფესიული პროგრამების მართვის და უწყვეტი განათლების ცენტრის ბიბლიოთეკა | პროფესიული პროგრამების მართვის და უწყვეტი განათლების ცენტრის ბიბლიოთეკა | წიგნსაცავი | 2022-07-01 | 12.00 | 338.48(063)(479.22) ი-61 | 62942 | 2022-07-01 | 62942 | 2022-07-01 | წიგნი | 12 ლ. |
